01128nam a2200253 a 450000100060000000300090000600800410001502000150005604000280007108200170009910000550011624500830017126000300025430000100028459000490029465000370034365000140038065000380039494200120043299900170044495201520046195201310061395201300074418379CO-ViMGA141112s2004 ck r 000 u spa d a9275323011 aCO-ViMGAbspacCO-ViMGA04a363.11 O741a1 aOrganización PanAméricana de la salud, 92616410aAsistencia humanitaria en caso de desastres . Guía para proveer ayuda eficaz aWashington, cOPS, c2000 a20.p. aForma de adquisición : Premio - Mincultura14aCOOPERACION INTERNACIONAL91435114aDESASTRES14aPLANIFICACION EN DESASTRES926165 2ddccBK c27681d27681 00102ddc40708002aMEVIECARbMEVIECARd2015-12-04hVolumen. 1 | 11/jun/2009l0o363.11 O741a p18379r2015-12-04 00:00:00tEj. 1w2015-12-04yBK 00102ddc40708GENaMEBAUPIAbMEBAUPIAcGENd2023-11-03l0o361.26 O73apBUP01376r2023-11-03 21:11:42tEj.1w2023-11-03yBK 00102ddc40708GENaMECUMARAbMECUMARAcGENd2024-06-04l0o361.26O73apCUM 0232r2024-06-04 15:13:58tEj.1w2024-06-04yBK